Contemporary engineering economics (Record no. 2014)

000 -LEADER
fixed length control field 00571nam a22002054a 4500
001 - CONTROL NUMBER
control field 2014
003 - CONTROL NUMBER IDENTIFIER
control field BD-DhUET
008 - FIXED-LENGTH DATA ELEMENTS--GENERAL INFORMATION
fixed length control field 160220b xxu||||| |||| 00| 0 eng d
020 ## - INTERNATIONAL STANDARD BOOK NUMBER
International Standard Book Number 0130893102
040 ## - CATALOGING SOURCE
Original cataloging agency DLC
Transcribing agency DLC
Modifying agency BD-DhUET
Language of cataloging 0
082 00 - DEWEY DECIMAL CLASSIFICATION NUMBER
Classification number 658.15
Item number PAR/2002
100 1# - MAIN ENTRY--PERSONAL NAME
Personal name Park, Chan S.
245 10 - TITLE STATEMENT
Title Contemporary engineering economics
Statement of responsibility, etc. by Chan S. Park
250 ## - EDITION STATEMENT
Edition statement 3rd ed.
260 ## - PUBLICATION, DISTRIBUTION, ETC. (IMPRINT)
Place of publication, distribution, etc. New Jersey
Name of publisher, distributor, etc. Prentice Hall
Date of publication, distribution, etc. 2002
300 ## - PHYSICAL DESCRIPTION
Extent xxxi, 920 p.
Other physical details ill. (some col.), map
Dimensions 24 cm.
504 ## - BIBLIOGRAPHY, ETC. NOTE
Bibliography, etc Includes bibliographies
650 #0 - SUBJECT ADDED ENTRY--TOPICAL TERM
Topical term or geographic name as entry element Engineering economy
942 ## - ADDED ENTRY ELEMENTS (KOHA)
Koha item type General Book
Holdings
Not for loan Sublocation or collection (holding branch) Koha date last borrowed Date acquired Piece designation (barcode) Koha item type Koha full call number Koha issues (times borrowed) Copy number Damaged status Koha date last seen Lost status Location (home branch) Koha normalized classification for sorting Shelving location Withdrawn status Source of classification or shelving scheme Price effective from
 Central Library, BUET 2014-09-16102575General Book658.15/PAR/2002 1 2014-09-16 Central Library, BUET658_000000000000000_15PAR2002Circulation section  2014-09-16
 Central Library, BUET 2014-09-16102580General Book658.15/PAR/2002 2 2014-09-16 Central Library, BUET658_000000000000000_15PAR2002Circulation section  2014-09-16
 Central Library, BUET2018-11-122014-09-16102574General Book658.15/PAR/200213 2019-04-13 Central Library, BUET658_000000000000000_15PAR2002Circulation section  2014-09-16
 Central Library, BUET 2014-09-16102579General Book658.15/PAR/2002 4 2014-09-16 Central Library, BUET658_000000000000000_15PAR2002Circulation section  2014-09-16
 Central Library, BUET 2014-09-16102581General Book658.15/PAR/2002 5 2014-09-16 Central Library, BUET658_000000000000000_15PAR2002Circulation section  2014-09-16
 Central Library, BUET 2014-09-16102576General Book658.15/PAR/2002 6 2014-09-16 Central Library, BUET658_000000000000000_15PAR2002Circulation section  2014-09-16
 Central Library, BUET 2014-09-16102578General Book658.15/PAR/2002 7 2014-09-16 Central Library, BUET658_000000000000000_15PAR2002Circulation section  2014-09-16
 Central Library, BUET 2014-09-16102577General Book658.15/PAR/2002 8 2014-09-16 Central Library, BUET658_000000000000000_15PAR2002Circulation section  2014-09-16
 Central Library, BUET 2014-09-16102573General Book658.15/PAR/2002 9 2014-09-16 Central Library, BUET658_000000000000000_15PAR2002Circulation section  2014-09-16
 Central Library, BUET 2006-06-26102582General Book658.15/PAR/2002 10 2017-04-15 Central Library, BUET658_150000000000000_PAR_2002Circulation section  2017-04-15